Lisey's Story (Record no. 3458)

MARC details
000 -LEADER
fixed length control field 00373nam a22001457a 4500
008 - FIXED-LENGTH DATA ELEMENTS--GENERAL INFORMATION
fixed length control field 250514b |||||||| |||| 00| 0 eng d
020 ## - INTERNATIONAL STANDARD BOOK NUMBER
ISBN 9781444707892
100 ## - MAIN ENTRY--AUTHOR
Author King Stephen
245 ## - TITLE STATEMENT
Title Lisey's Story
260 ## - PUBLICATION, DISTRIBUTION, ETC. (IMPRINT)
Place of publication London
Name of publisher Hodder and Stroughton
Date of publication 2011
300 ## - COLLATION
Pagination 683p.
650 ## - TRACINGS
Main Subject Author - Fiction
Subdivision (1st) Widows - Fiction
942 ## - ADDED ENTRY ELEMENTS (KOHA)
Item type Books
050 ## - LIBRARY OF CONGRESS CALL NUMBER
Classification number PS3561.I483
Item number .L57
Holdings
Source of classification or shelving scheme Not for loan Permanent location Current location Date acquired Accession No. Full call number Barcode. Koha item type
Library of Congress Classification   Samuel Ogbemudia Main Library, University of Abuja Samuel Ogbemudia Main Library, University of Abuja 05/14/2025 2024/64384 PS3561.I483.L57 2025-1926 Books